Inventeurs et Inventions - Statistiques

Statistiques générales
  • Ce quiz a été pris 98 fois
  • Le résultat moyen est 4 sur 10
Statistiques - réponses
Inventeurs Inventions % Correct
Johannes Gutenberg Imprimerie
84%
Alexander Graham Bell Téléphone
83%
Alfred Nobel Dynamite
73%
Frères Wright Avion
62%
James Watt Machine à vapeur
32%
Blaise Pascal Calculatrice
30%
Samuel Morse Télégraphe
25%
Frères Lumière Cinématographe
21%
Karl Benz Automobile
18%
Zacharias Janssen Microscope
1%
Aucun quiz correspondant
Distribution des résultats
% des personnes avec chaque résultat
Percentile par nombre de réponses
Votre historique - résultats
Vous n’avez pas pris ce quiz